000 00647nam a2200193 4500
001 107006
003 ES-MaACL
005 20230906184327.0
007 t|
008 061121s1946 sp r ||||1| spa d
100 1 _aMoret, Claude.
_983469
245 1 0 _aAlemania y la reorganización de Europa /
_cClaude Moret ; [versión española por José Núñez].
260 _aMadrid :
_bEdiciones y Publicaciones Españolas,
_c1946.
300 _a340 p. ;
_c19 cm.
650 _aReconstrucción, 1939-1951.
_9171906
651 4 _aAlemania-
_xPolítica y gobierno-
_y1933-1945.
_9140301
700 1 _aNúñez, José.
_986157
852 _aES-MaACL
_jC-4016
999 _c107006
_d107006